Practical suggestions on personal evangelism. (Record no. 13172)

000 -LEADER
fixed length control field 00604nam a2200193 a 4500
001 - CONTROL NUMBER
control field :::00010990$&:&@@
003 - CONTROL NUMBER IDENTIFIER
control field OkBaRHE
005 - DATE AND TIME OF LATEST TRANSACTION
control field 20000607103404.0
008 - FIXED-LENGTH DATA ELEMENTS--GENERAL INFORMATION
fixed length control field j 000 0 eng u
040 ## - CATALOGING SOURCE
Transcribing agency
100 1# - MAIN ENTRY--PERSONAL NAME
Personal name Crocker, Coleman,
245 10 - TITLE STATEMENT
Title Practical suggestions on personal evangelism.
260 ## - PUBLICATION, DISTRIBUTION, ETC. (IMPRINT)
Place of publication, distribution, etc Henderson, TN., :
Name of publisher, distributor, etc Freed-Hardeman College
Date of publication, distribution, etc nd
300 ## - PHYSICAL DESCRIPTION
Extent 227 p. ;
Dimensions 28 cm.
650 ## - SUBJECT ADDED ENTRY--TOPICAL TERM
Topical term or geographic name as entry element Evangelistic Work
650 ## - SUBJECT ADDED ENTRY--TOPICAL TERM
Topical term or geographic name as entry element Witness Bearing (Christianity)
942 ## - ADDED ENTRY ELEMENTS (KOHA)
Source of classification or shelving scheme
Koha item type Books
Copies
Barcode Price effective from Lost status Source of classification or shelving scheme Date last seen Shelving location Copy number Koha item type Not for loan Permanent Location Withdrawn status Date acquired Full call number Damaged status
109902010-04-14  2010-04-14General Stacks1Books RHEMA Bible Training College 2010-04-14BV 4520 .C7